Nimila anka (Record no. 2515)

MARC details
000 -LEADER
fixed length control field 00508cam a2200205ua 4500
001 - CONTROL NUMBER
control field 2666
005 - DATE AND TIME OF LATEST TRANSACTION
control field 20260515113539.0
008 - FIXED-LENGTH DATA ELEMENTS--GENERAL INFORMATION
fixed length control field 110908n ii |||gr||||Z||||||asm
040 ## - CATALOGING SOURCE
Transcribing agency MAIN
082 ## - DEWEY DECIMAL CLASSIFICATION NUMBER
Classification number 891.4512
100 ## - MAIN ENTRY--PERSONAL NAME
Personal name Choudhury, Lakhyadhar,
Relator term Author.
245 11 - TITLE STATEMENT
Title Nimila anka
Statement of responsibility, etc. by Lakhyadhar Choudhury
250 ## - EDITION STATEMENT
Edition statement 2nd.
260 ## - PUBLICATION, DISTRIBUTION, ETC.
Place of publication, distribution, etc. Guahati:
Name of publisher, distributor, etc. LBS publication,979.
300 ## - PHYSICAL DESCRIPTION
Extent 111p:
Dimensions 23cm.
653 ## - INDEX TERM--UNCONTROLLED
Uncontrolled term Assamese drama
653 ## - INDEX TERM--UNCONTROLLED
Uncontrolled term assamese literature
653 ## - INDEX TERM--UNCONTROLLED
Uncontrolled term Nimila anka
942 ## - ADDED ENTRY ELEMENTS (KOHA)
Koha item type Books
Holdings
Withdrawn status Lost status Damaged status Not for loan Home library Current library Shelving location Date acquired Total checkouts Full call number Barcode Date last seen Copy number Price effective from Koha item type
        Naharkatiya College Library Naharkatiya College Library General stacks 09/19/2020   891.4512 | CHO 7234 09/19/2020 4 09/19/2020 Books
        Naharkatiya College Library Naharkatiya College Library General stacks 09/19/2020   891.4512 | CHO 7235 09/19/2020 2 09/19/2020 Books
        Naharkatiya College Library Naharkatiya College Library General stacks 09/19/2020   891.4512 | CHO 7236 09/19/2020 3 09/19/2020 Books
        Naharkatiya College Library Naharkatiya College Library General stacks 09/19/2020   891.4512 | CHO 7237 09/19/2020 1 09/19/2020 Books